00374pab a2200121 454500008004000000100002400040245006800064260000900132300001300141650004400154650002800198773002600226180718b2009 xxu||||| |||| 00| 0 eng d aDavies, Jonathan S. aThe limits of joined-up government towards a political analysis c2009 ap.80-96. aGreat Britain - Politics and government aPolitics and government aPublic Administration